Countries with the shortest names Quiz Stats

Quiz not verified by Sporcle

Challenge
Share
Tweet
Embed
Score 0/34 Timer 10:00
0 Plays Today
% Correct
Peru
90.1%
Mali
87.9%
Iran
87.2%
Iraq
87.2%
Chad
86.5%
Laos
86.5%
Oman
85.1%
Cuba
84.4%
Fiji
84.4%
Spain
84.4%
Chile
83%
China
83%
India
83%
Togo
82.3%
Egypt
81.6%
Japan
81.6%
Yemen
81.6%
% Correct
Italy
80.9%
Libya
80.9%
Sudan
77.3%
Ghana
76.6%
Nauru
75.9%
Benin
75.2%
Haiti
75.2%
Nepal
75.2%
Qatar
75.2%
Kenya
73.8%
Niger
73.8%
Syria
72.3%
Malta
70.9%
Tonga
70.9%
Palau
70.2%
Samoa
70.2%
Gabon
68.8%

You're not logged in!

Compare scores with friends on all Sporcle quizzes.
Sign Up with Email
OR
Log In

You Might Also Like...

Show Comments

Extras

Top Quizzes Today


Score Distribution

Your Account Isn't Verified!

In order to create a playlist on Sporcle, you need to verify the email address you used during registration. Go to your Sporcle Settings to finish the process.

Report this User

Report this user for behavior that violates our Community Guidelines.

Details: